000 01149nam a2200349 i 4500
001 13861
003 KOSZ 005
005 20190801102735.0
008 190622s1971 pl a f 001 0 pol
015 _aPB 1971/6433
040 _aWA N
_cWA N
_dKOSZ 005/KK
_dKOSZ 005/HR
_dKOSZ 005/RW
046 _k1971
080 _a628.5
080 _a613.6
100 1 _aZajączkowski, Janusz
_d(1921- ).
_eAutor
245 1 0 _aOdpylanie w przemyśle /
_cJanusz Zajączkowski.
260 _aWarszawa :
_b"Arkady",
_c1971.
300 _a402, [1] strony, [3] karty, tablice :
_bilustracje ;
_c25 cm.
336 _aTekst
_btxt
_2rdacontent
337 _aBez urzadzenia pośredniczącego
_bn
_2rdamedia
338 _aWolumin
_bnc
_2rdacarrier
380 _aKsiążki.
388 _a1901-2000
388 _a1945-1989
504 _aBibliografia przy rozdziałach. Indeks.
650 4 _aPył
658 _aInżynieria i technika
650 4 _aPrzemysł
710 2 _aWydawnictwo Arkady
_4pbl.
856 _uhttp://koha.tu.koszalin.pl/cgi-bin/koha/opac-detail.pl?biblionumber=13861
_yKatalog online BPK
942 _2UKD
_cKS
999 _c13861
_d13861